[Event "DSOL 01 Liga Gr-D 1st"]
[Site "Playchess.com INT"]
[Date "2020.07.21"]
[Round "5.4"]
[White "Hafensteiner, Tim"]
[Black "Grenz, Tobias"]
[Result "1-0"]
[WhiteElo "1776"]
[BlackElo "1889"]
[PlyCount "89"]
[EventDate "2020.06.22"]
[EventType "team-tourn (rapid)"]
[EventCountry "GER"]
[SourceTitle "EXT 2021"]
[Source "ChessBase"]
[SourceDate "2020.10.23"]
[SourceVersion "1"]
[SourceVersionDate "2020.10.23"]
[SourceQuality "1"]
[WhiteTeam "Biebertal"]
[BlackTeam "Landau"]
[WhiteTeamCountry "GER"]
[BlackTeamCountry "GER"]

1. e4 c6 2. c4 d5 3. exd5 cxd5 4. d4 Nf6 5. Nf3 Nc6 6. Nc3 Be6 7. c5 g6 8. Bb5 Bg7 9. 0-0 0-0 10. h3 Qc7 11. Re1 Rad8 12. Bxc6 bxc6 13. Ne5 Ne4 14. Bf4 Qb7 15. Nxe4 dxe4 16. Rxe4 Bd5 17. Re2 f6 18. Nd3 Bc4 19. Be3 e5 20. b3 Bb5 21. Rd2 Rd7 22. a4 Ba6 23. b4 Bc4 24. Rc1 exd4 25. Rxc4 dxe3 26. fxe3 Rfd8 27. Qb3 Kh8 28. Rd4 Rxd4 29. exd4 Rxd4 30. b5 cxb5 31. axb5 Qe4 32. c6 Qe3+ 33. Kh1 Qxd2 34. c7 Rxd3 35. c8Q+ Rd8 36. Qbe6 h5 37. Qc7 Qd1+ 38. Kh2 Qd5 39. Qef7 Qxf7 40. Qxf7 f5 41. Qxg6 Be5+ 42. Kg1 Rd1+ 43. Kf2 Rd5 44. Qh6+ Kg8 45. Qe6+ 1-0

[Event "DSOL 01 Liga Gr-D 1st"]
[Site "Playchess.com INT"]
[Date "2020.07.08"]
[Round "3.3"]
[White "Poess, Frank"]
[Black "Hafensteiner, Tim"]
[Result "1/2-1/2"]
[WhiteElo "1962"]
[BlackElo "1776"]
[PlyCount "47"]
[EventDate "2020.06.22"]
[EventType "team-tourn (rapid)"]
[EventCountry "GER"]
[SourceTitle "EXT 2021"]
[Source "ChessBase"]
[SourceDate "2020.10.23"]
[SourceVersion "1"]
[SourceVersionDate "2020.10.23"]
[SourceQuality "1"]
[WhiteTeam "Dinslaken"]
[BlackTeam "Biebertal"]
[WhiteTeamCountry "GER"]
[BlackTeamCountry "GER"]

1. Nf3 Nf6 2. d4 e6 3. g3 d5 4. Bg2 c5 5. 0-0 cxd4 6. Nxd4 e5 7. Nb3 Be6 8. c4 Nc6 9. cxd5 Bxd5 10. Nc3 Bxg2 11. Qxd8+ Rxd8 12. Kxg2 Bb4 13. Bd2 0-0 14. Rfd1 h6 15. a3 Bxc3 16. Bxc3 Nd5 17. Be1 b6 18. Rac1 Nde7 19. Bc3 f6 20. e4 Kf7 21. Nd2 Rd7 22. Kf1 Rfd8 23. Ke2 Ke6 24. Nc4 1/2-1/2

[Event "DSOL 01 Liga Gr-D 1st"]
[Site "Playchess.com INT"]
[Date "2020.06.26"]
[Round "1.4"]
[White "Hafensteiner, Tim"]
[Black "Noreisch, Reiner"]
[Result "1-0"]
[WhiteElo "1776"]
[BlackElo "1726"]
[PlyCount "83"]
[EventDate "2020.06.22"]
[EventType "team-tourn (rapid)"]
[EventCountry "GER"]
[SourceTitle "EXT 2021"]
[Source "ChessBase"]
[SourceDate "2020.10.23"]
[SourceVersion "1"]
[SourceVersionDate "2020.10.23"]
[SourceQuality "1"]
[WhiteTeam "Biebertal"]
[BlackTeam "Luebeck SV"]
[WhiteTeamCountry "GER"]
[BlackTeamCountry "GER"]

1. e4 d6 2. d4 Nf6 3. Nc3 Nbd7 4. f4 e5 5. Nf3 exd4 6. Nxd4 c5 7. Nf5 Nb6 8. Bb5+ Bd7 9. Nxd6+ Bxd6 10. Qxd6 Qe7 11. Qxe7+ Kxe7 12. e5 Nfd5 13. Bxd7 Kxd7 14. Ne4 Kc6 15. Bd2 Nc4 16. 0-0-0 Nxd2 17. Rxd2 Rad8 18. Rhd1 Rd7 19. c4 Nb6 20. Rxd7 Nxd7 21. Ng5 f6 22. Nf7 Re8 23. Nd6 Re6 24. f5 Rxe5 25. Nb5 Kb6 26. Rd6+ Ka5 27. Rxd7 a6 28. Nc3 b6 29. Rd5 Re1+ 30. Kd2 Rg1 31. a3 Rxg2+ 32. Kc1 Rg1+ 33. Kc2 Rg2+ 34. Kb1 Rg1+ 35. Ka2 Rg2 36. h4 Rh2 37. h5 h6 38. Ka1 Rh1+ 39. Ka2 Rh2 40. Ne4 Re2 41. Nd6 Rc2 42. Kb3 1-0

[Event "Forchheim op-B 15th"]
[Site "Forchheim"]
[Date "2016.10.02"]
[Round "3"]
[White "Hafensteiner, Tim"]
[Black "Reichel, Guenther"]
[Result "1/2-1/2"]
[WhiteElo "1822"]
[BlackElo "1741"]
[PlyCount "40"]
[EventDate "2016.10.01"]
[EventType "swiss"]
[EventRounds "5"]
[EventCountry "GER"]
[SourceTitle "EXT 2019"]
[Source "ChessBase"]
[SourceDate "2018.10.10"]
[SourceVersion "1"]
[SourceVersionDate "2018.10.10"]
[SourceQuality "1"]

1. e4 c5 2. Nc3 Nc6 3. Nf3 d6 4. d4 cxd4 5. Nxd4 Bd7 6. Be3 Nf6 7. f3 g6 8. Qd2 Bg7 9. Be2 0-0 10. g4 Rc8 11. h4 Ne5 12. h5 Nc4 13. Bxc4 Rxc4 14. hxg6 hxg6 15. Nb3 Qc7 16. Bh6 Nxe4 17. Nxe4 Bxb2 18. Bxf8 Rxe4+ 19. Kf2 Rc4 20. Ke3 Rc3+ 1/2-1/2

[Event "Wiesbaden op 28th"]
[Site "Wiesbaden"]
[Date "2016.08.27"]
[Round "5"]
[White "Everett, Elijah David"]
[Black "Hafensteiner, Tim"]
[Result "1-0"]
[WhiteElo "2053"]
[BlackElo "1818"]
[PlyCount "75"]
[EventDate "2016.08.25"]
[EventType "swiss"]
[EventRounds "7"]
[EventCountry "GER"]
[SourceTitle "CBM 174 Extra"]
[Source "ChessBase"]
[SourceDate "2016.10.10"]
[SourceVersion "1"]
[SourceVersionDate "2016.10.10"]
[SourceQuality "1"]

1. e4 e5 2. Nf3 Nc6 3. Bb5 f5 4. Nc3 fxe4 5. Nxe4 d5 6. Nxe5 dxe4 7. Nxc6 Qg5 8. Qe2 Nf6 9. f4 Qxf4 10. Nxa7+ Bd7 11. Bxd7+ Nxd7 12. Nb5 0-0-0 13. d3 Qe5 14. dxe4 Bc5 15. Nc3 Rhf8 16. Be3 Nf6 17. 0-0 Bxe3+ 18. Qxe3 Qxh2+ 19. Kxh2 Ng4+ 20. Kg3 Nxe3 21. Rxf8 Rxf8 22. Nd5 Nf1+ 23. Kh3 Nd2 24. Re1 Re8 25. Nc3 Nc4 26. b3 Nd6 27. Kg4 Kd7 28. Kf3 Rf8+ 29. Ke3 Ke6 30. Rh1 h6 31. Nd5 Rf7 32. c4 c6 33. Nf4+ Kd7 34. Rd1 b6 35. e5 Re7 36. Rxd6+ Kc7 37. Ke4 c5 38. Nd5+ 1-0

[Event "Wiesbaden op 28th"]
[Site "Wiesbaden"]
[Date "2016.08.26"]
[Round "2"]
[White "Hafensteiner, Tim"]
[Black "Neukirchner, Pascal"]
[Result "1/2-1/2"]
[WhiteElo "1818"]
[BlackElo "2082"]
[PlyCount "80"]
[EventDate "2016.08.25"]
[EventType "swiss"]
[EventRounds "7"]
[EventCountry "GER"]
[SourceTitle "CBM 174 Extra"]
[Source "ChessBase"]
[SourceDate "2016.10.10"]
[SourceVersion "1"]
[SourceVersionDate "2016.10.10"]
[SourceQuality "1"]

1. e4 c5 2. c3 d5 3. exd5 Nf6 4. Nf3 Nxd5 5. d4 cxd4 6. cxd4 g6 7. Nc3 Nxc3 8. bxc3 Qc7 9. Qb3 Be6 10. Bb5+ Nd7 11. d5 Bg4 12. Nd4 a6 13. Bxd7+ Bxd7 14. 0-0 Bg7 15. Be3 0-0 16. Rfe1 Rfc8 17. Rac1 b5 18. Bg5 h6 19. d6 exd6 20. Re7 Qc4 21. Qxc4 Rxc4 22. Rxd7 hxg5 23. Rxd6 Rac8 24. Ne2 Ra4 25. Rc2 Ra3 26. g3 Rc4 27. Kg2 b4 28. Rd8+ Kh7 29. Rd7 Kg8 30. Rd8+ Kh7 31. Rd7 f5 32. Nd4 Kh6 33. Re2 g4 34. Nxf5+ gxf5 35. Re6+ Kh5 36. Rxg7 f4 37. Rgg6 fxg3 38. Rh6+ Kg5 39. Rhg6+ Kf5 40. Rgf6+ Kg5 1/2-1/2

[Event "Hessen-ch op-B"]
[Site "Floersheim"]
[Date "2016.05.06"]
[Round "4"]
[White "Naujocks, Christian"]
[Black "Hafensteiner, Tim"]
[Result "0-1"]
[WhiteElo "1684"]
[BlackElo "1831"]
[PlyCount "56"]
[EventDate "2016.05.05"]
[EventType "swiss"]
[EventRounds "7"]
[EventCountry "GER"]
[SourceTitle "EXT 2022"]
[Source "ChessBase"]
[SourceDate "2021.10.06"]
[SourceVersion "1"]
[SourceVersionDate "2021.10.06"]
[SourceQuality "1"]

1. e4 e5 2. Nf3 Nc6 3. Bb5 f5 4. d3 Nf6 5. Bg5 Bc5 6. 0-0 0-0 7. Nc3 d6 8. Nd5 fxe4 9. dxe4 Bg4 10. h3 Bh5 11. g4 Bg6 12. Re1 Kh8 13. Nh4 Bxf2+ 14. Kh2 Bxh4 15. Bxh4 Nd4 16. Bd3 Ne6 17. Bxf6 gxf6 18. Ne3 Nf4 19. Nf5 Bxf5 20. gxf5 Rg8 21. Rg1 c6 22. Qf3 Qd7 23. Rg3 Rxg3 24. Qxg3 Rg8 25. Qh4 Qg7 26. Qf2 Nxh3 27. Qf3 Nf4 28. Bf1 Qg1# 0-1

[Event "Rhein Main op-B 18th"]
[Site "Bad Homburg"]
[Date "2015.06.05"]
[Round "4"]
[White "Boerkey, Luis"]
[Black "Hafensteiner, Tim"]
[Result "0-1"]
[WhiteElo "1531"]
[BlackElo "1689"]
[PlyCount "106"]
[EventDate "2015.06.03"]
[EventType "swiss"]
[EventRounds "7"]
[EventCountry "GER"]
[SourceTitle "CBM 167 Extra"]
[Source "ChessBase"]
[SourceDate "2015.09.14"]
[SourceVersion "1"]
[SourceVersionDate "2015.09.14"]
[SourceQuality "1"]

1. d4 Nf6 2. c4 e6 3. Nf3 Bb4+ 4. Bd2 Qe7 5. e3 0-0 6. Nc3 d6 7. Bd3 Nbd7 8. Ne4 Bxd2+ 9. Qxd2 Nxe4 10. Bxe4 f5 11. Bd3 b6 12. e4 Bb7 13. Qe2 Rae8 14. 0-0 fxe4 15. Bxe4 d5 16. Bd3 c5 17. cxd5 exd5 18. Qxe7 Rxe7 19. Rfe1 Rfe8 20. Kf1 Nf6 21. Bb5 Rxe1+ 22. Rxe1 Rxe1+ 23. Kxe1 a6 24. Bd3 c4 25. Bf5 b5 26. Ng5 g6 27. Be6+ Kf8 28. f3 h6 29. Nf7 Ke7 30. Ke2 a5 31. g4 Ba6 32. Bxd5 Nxd5 33. Nxh6 b4 34. Kd2 Nf4 35. h4 Bb7 36. h5 gxh5 37. gxh5 Nxh5 38. Nf5+ Ke6 39. Ne3 Bd5 40. a3 Nf4 41. axb4 axb4 42. Kc2 Ne2 43. b3 Nxd4+ 44. Kb2 Nxb3 45. f4 Nd4 46. f5+ Nxf5 47. Nc2 c3+ 48. Kc1 b3 49. Ne1 Be4 50. Nc2 b2+ 51. Kb1 Ne3 52. Ka2 Nxc2 53. Kb1 Nb4# 0-1

[Event "Rhein Main op-B 18th"]
[Site "Bad Homburg"]
[Date "2015.06.04"]
[Round "2"]
[White "Schmitt, Roland"]
[Black "Hafensteiner, Tim"]
[Result "1-0"]
[WhiteElo "1928"]
[BlackElo "1689"]
[PlyCount "85"]
[EventDate "2015.06.03"]
[EventType "swiss"]
[EventRounds "7"]
[EventCountry "GER"]
[SourceTitle "CBM 167 Extra"]
[Source "ChessBase"]
[SourceDate "2015.09.14"]
[SourceVersion "1"]
[SourceVersionDate "2015.09.14"]
[SourceQuality "1"]

1. d4 Nf6 2. c4 e6 3. Nf3 Bb4+ 4. Nbd2 0-0 5. a3 Bxd2+ 6. Nxd2 d6 7. e3 Nbd7 8. Qc2 e5 9. d5 a5 10. b3 Nc5 11. Bb2 Ng4 12. h3 Nh6 13. 0-0-0 Bd7 14. Re1 c6 15. dxc6 Bxc6 16. Kb1 Qd7 17. a4 f5 18. f3 Rae8 19. Ba3 b6 20. Ka2 d5 21. cxd5 Bxd5 22. Bb5 Bc6 23. Bxc6 Qxc6 24. Rc1 Rc8 25. Nc4 Rf6 26. Nxa5 Qc7 27. Bxc5 bxa5 28. Qe2 Rc6 29. Ba3 Rc2+ 30. Rxc2 Qxc2+ 31. Qxc2 Rxc2+ 32. Kb1 Rxg2 33. b4 axb4 34. Bxb4 Rg6 35. a5 Ra6 36. Rd1 Nf7 37. Kb2 g5 38. Kb3 h5 39. Ka4 g4 40. Kb5 Rg6 41. hxg4 fxg4 42. fxg4 hxg4 43. a6 1-0

[Event "Hessen-ch U16"]
[Site "Bad Homburg"]
[Date "2015.03.30"]
[Round "3"]
[White "Kuethe, Calvin"]
[Black "Hafensteiner, Tim"]
[Result "0-1"]
[WhiteElo "1360"]
[BlackElo "1689"]
[PlyCount "94"]
[EventDate "2015.03.30"]
[EventType "swiss"]
[EventRounds "7"]
[EventCountry "GER"]
[SourceTitle "EXT 2017"]
[Source "ChessBase"]
[SourceDate "2016.10.25"]
[SourceVersion "1"]
[SourceVersionDate "2016.10.25"]
[SourceQuality "1"]

1. e4 e5 2. Nf3 Nc6 3. Bc4 Nf6 4. d3 Be7 5. Nc3 d6 6. a3 0-0 7. Be3 Kh8 8. Qd2 Bg4 9. Ng5 Bh5 10. Nf3 a6 11. Nd5 Nxd5 12. Bxd5 Qd7 13. h3 Nd8 14. Nh2 c6 15. Ba2 f6 16. g4 Bf7 17. Bxf7 Nxf7 18. f4 d5 19. 0-0-0 d4 20. Bf2 b5 21. Bg3 Qe6 22. Kb1 c5 23. fxe5 fxe5 24. Nf3 c4 25. dxc4 bxc4 26. Qa5 Bd6 27. Rhf1 Rfb8 28. Be1 Rb5 29. Qa4 Rab8 30. Bb4 Bxb4 31. axb4 Rxb4 32. Qa3 Rxb2+ 33. Qxb2 Rxb2+ 34. Kxb2 Qb6+ 35. Kc1 c3 36. Rd3 Qb2+ 37. Kd1 Qb1+ 38. Ke2 Qxc2+ 39. Nd2 cxd2 40. Rxd2 Qxe4+ 41. Kd1 Kg8 42. Rdf2 d3 43. Re1 Qa4+ 44. Kd2 Qc2+ 45. Ke3 Qc4 46. Ref1 a5 47. Rb2 Qd4+ 0-1

[Event "Hessen-ch op-B"]
[Site "Frankfurt Sossenheim"]
[Date "2015.??.??"]
[Round "3"]
[White "Hafensteiner, Tim"]
[Black "Genis, Roy"]
[Result "1-0"]
[WhiteElo "1689"]
[BlackElo "1952"]
[PlyCount "45"]
[EventDate "2015.05.13"]
[EventType "swiss"]
[EventRounds "7"]
[EventCountry "GER"]
[SourceTitle "EXT 2016"]
[Source "ChessBase"]
[SourceDate "2015.10.08"]
[SourceVersion "1"]
[SourceVersionDate "2015.10.08"]
[SourceQuality "1"]

1. e4 e5 2. Nf3 Nc6 3. d4 exd4 4. Nxd4 Qh4 5. Nc3 Bb4 6. Be2 Qxe4 7. Ndb5 Bxc3+ 8. bxc3 Kd8 9. 0-0 Nf6 10. Re1 Re8 11. Bg5 d6 12. Qd2 Qg6 13. Rad1 Bd7 14. Nxc7 Re5 15. Bxf6+ Qxf6 16. Nxa8 d5 17. Bf3 Rxe1+ 18. Rxe1 d4 19. Bxc6 bxc6 20. cxd4 Kc8 21. Qb4 Be6 22. Qd6 Qd8 23. Qxc6+ 1-0

[Event "Hessen-ch op-B"]
[Site "Frankfurt Sossenheim"]
[Date "2015.??.??"]
[Round "4"]
[White "Hafensteiner, Tim"]
[Black "Zalewski, Ulrich"]
[Result "1/2-1/2"]
[WhiteElo "1689"]
[BlackElo "1838"]
[PlyCount "51"]
[EventDate "2015.05.13"]
[EventType "swiss"]
[EventRounds "7"]
[EventCountry "GER"]
[SourceTitle "EXT 2016"]
[Source "ChessBase"]
[SourceDate "2015.10.08"]
[SourceVersion "1"]
[SourceVersionDate "2015.10.08"]
[SourceQuality "1"]

1. e4 e5 2. Nf3 Nf6 3. d4 Nxe4 4. Bd3 d5 5. Nxe5 Nd7 6. 0-0 Bd6 7. f4 0-0 8. Nc3 Nxc3 9. bxc3 Nf6 10. c4 dxc4 11. Bxc4 Be6 12. Bd3 Bd5 13. Re1 Bb4 14. Bd2 Bxd2 15. Qxd2 b6 16. Qf2 Bb7 17. c3 Qd6 18. Re3 c5 19. Rh3 cxd4 20. cxd4 Rfd8 21. Rd1 Rac8 22. Qh4 Qxd4+ 23. Kh1 Be4 24. Rg3 Kf8 25. Qg5 Ne8 26. Qh5 1/2-1/2

[Event "Hessen-ch op-B"]
[Site "Frankfurt Sossenheim"]
[Date "2015.??.??"]
[Round "1"]
[White "Hafensteiner, Tim"]
[Black "Zimmer, Sascha"]
[Result "1-0"]
[WhiteElo "1689"]
[BlackElo "1937"]
[PlyCount "57"]
[EventDate "2015.05.13"]
[EventType "swiss"]
[EventRounds "7"]
[EventCountry "GER"]
[SourceTitle "EXT 2016"]
[Source "ChessBase"]
[SourceDate "2015.10.08"]
[SourceVersion "1"]
[SourceVersionDate "2015.10.08"]
[SourceQuality "1"]

1. e4 c5 2. Nc3 d6 3. Nf3 Nf6 4. d4 cxd4 5. Nxd4 a6 6. g3 e5 7. Nde2 Be7 8. Bg2 Be6 9. 0-0 Nc6 10. Nd5 0-0 11. c4 b5 12. cxb5 axb5 13. Be3 Bxd5 14. exd5 Na5 15. a4 Ng4 16. axb5 Nxe3 17. fxe3 Bg5 18. Qd3 Qb6 19. b4 Qxe3+ 20. Qxe3 Bxe3+ 21. Kh1 Nb3 22. Ra6 Rxa6 23. bxa6 Rb8 24. Rf3 Nc5 25. a7 Ra8 26. Rxe3 Na6 27. b5 Nc5 28. b6 Rc8 29. Rc3 1-0

[Event "Hessen-ch op-B"]
[Site "Frankfurt Sossenheim"]
[Date "2015.??.??"]
[Round "2"]
[White "Loehr, Holger"]
[Black "Hafensteiner, Tim"]
[Result "0-1"]
[WhiteElo "1837"]
[BlackElo "1689"]
[PlyCount "54"]
[EventDate "2015.05.13"]
[EventType "swiss"]
[EventRounds "7"]
[EventCountry "GER"]
[SourceTitle "EXT 2016"]
[Source "ChessBase"]
[SourceDate "2015.10.08"]
[SourceVersion "1"]
[SourceVersionDate "2015.10.08"]
[SourceQuality "1"]

1. e4 e5 2. Nf3 Nc6 3. Bb5 f5 4. d3 Nf6 5. 0-0 fxe4 6. dxe4 Bc5 7. Qe2 d6 8. h3 0-0 9. Bc4+ Kh8 10. Nc3 Qe8 11. Be3 Bb4 12. Bd2 Qh5 13. Kh2 Bg4 14. Qd1 Bxc3 15. bxc3 Nxe4 16. Be2 Nxd2 17. Qxd2 e4 18. Ng1 Bxe2 19. Nxe2 Ne5 20. Ng3 Qh4 21. Qd5 Rxf2 22. Rxf2 Ng4+ 23. Kg1 Nxf2 24. Nf5 Qg5 25. Qxb7 Rf8 26. Nd4 Nxh3+ 27. Kh2 Nf2 0-1

[Event "Wiesbaden op 26th"]
[Site "Wiesbaden"]
[Date "2014.08.28"]
[Round "1"]
[White "Hafensteiner, Tim"]
[Black "Bjoerknes, Uwe"]
[Result "1/2-1/2"]
[WhiteElo "1768"]
[BlackElo "2133"]
[PlyCount "26"]
[EventDate "2014.08.28"]
[EventType "swiss"]
[EventRounds "7"]
[EventCountry "GER"]
[SourceTitle "CBM 162 Extra"]
[Source "ChessBase"]
[SourceDate "2014.10.17"]
[SourceVersion "1"]
[SourceVersionDate "2014.10.17"]
[SourceQuality "1"]

1. e4 e6 2. d4 d5 3. Nd2 c5 4. exd5 Qxd5 5. Ndf3 Nc6 6. Bb5 Bd7 7. Ne2 Nf6 8. Bf4 cxd4 9. Bxc6 Bxc6 10. Qxd4 Qa5+ 11. Bd2 Qc7 12. Bf4 Qa5+ 13. Bd2 Qc7 1/2-1/2

[Event "Rhein Main op-B 17th"]
[Site "Bad Homburg"]
[Date "2014.06.21"]
[Round "5"]
[White "Wilk, Jan"]
[Black "Hafensteiner, Tim"]
[Result "1-0"]
[WhiteElo "1799"]
[BlackElo "1646"]
[PlyCount "51"]
[EventDate "2014.06.18"]
[EventType "swiss"]
[EventRounds "9"]
[EventCountry "GER"]
[SourceTitle "CBM 161 Extra"]
[Source "ChessBase"]
[SourceDate "2014.08.29"]
[SourceVersion "1"]
[SourceVersionDate "2014.08.29"]
[SourceQuality "1"]

1. d4 Nf6 2. Bf4 e6 3. e3 b6 4. Nf3 a5 5. Nbd2 c5 6. c3 d5 7. Bxb8 Rxb8 8. Ne5 Bd7 9. Bd3 c4 10. Bc2 Bd6 11. f4 b5 12. Ndf3 h6 13. 0-0 Ng8 14. Nxf7 Kxf7 15. Ne5+ Bxe5 16. fxe5+ Ke7 17. Qg4 g5 18. Bg6 Be8 19. Qh5 Kd7 20. Rf8 Qe7 21. Bxe8+ Rxe8 22. Rf7 Rh7 23. Rxe7+ Nxe7 24. Rf1 Nf5 25. Qe2 Rf7 26. g4 1-0

[Event "Rhein Main op-B 17th"]
[Site "Bad Homburg"]
[Date "2014.06.19"]
[Round "3"]
[White "Neitzert, Volker"]
[Black "Hafensteiner, Tim"]
[Result "1/2-1/2"]
[WhiteElo "1843"]
[BlackElo "1646"]
[PlyCount "63"]
[EventDate "2014.06.18"]
[EventType "swiss"]
[EventRounds "9"]
[EventCountry "GER"]
[SourceTitle "CBM 161 Extra"]
[Source "ChessBase"]
[SourceDate "2014.08.29"]
[SourceVersion "1"]
[SourceVersionDate "2014.08.29"]
[SourceQuality "1"]

1. e4 e5 2. Nf3 Nc6 3. Bb5 f5 4. Nc3 Nf6 5. exf5 Bc5 6. Qe2 Qe7 7. Bxc6 dxc6 8. Qxe5 Bxf2+ 9. Kf1 Qxe5 10. Nxe5 Bc5 11. d3 Bxf5 12. Nf3 0-0-0 13. Bg5 Rhf8 14. Re1 h6 15. Be3 Bb4 16. h3 Nd5 17. Bd2 Rf7 18. a3 Bd6 19. Nxd5 cxd5 20. Ke2 Re8+ 21. Kd1 Rxe1+ 22. Bxe1 c5 23. Rf1 Bd7 24. Nd2 Rxf1 25. Nxf1 d4 26. Bg3 Kc7 27. Ke2 Ba4 28. c3 Bc6 29. Kf2 Kd7 30. Bxd6 Kxd6 31. cxd4 cxd4 32. Nd2 1/2-1/2

[Event "Hessen-ch U17 Open"]
[Site "Bad Homburg"]
[Date "2013.03.26"]
[Round "3"]
[White "Lehrer, Simon"]
[Black "Hafensteiner, Tim"]
[Result "0-1"]
[WhiteElo "1122"]
[BlackElo "1018"]
[PlyCount "88"]
[EventDate "2013.03.??"]
[EventType "swiss"]
[EventRounds "7"]
[EventCountry "GER"]
[SourceTitle "EXT 2014"]
[Source "ChessBase"]
[SourceDate "2013.11.20"]
[SourceVersion "1"]
[SourceVersionDate "2013.11.20"]
[SourceQuality "1"]

1. e4 e5 2. Nf3 Nc6 3. Bc4 Nf6 4. Ng5 d5 5. exd5 Na5 6. Be2 Bc5 7. Nc3 c6 8. dxc6 Nxc6 9. Bc4 0-0 10. d3 a6 11. Nce4 Ba7 12. Nxf6+ Qxf6 13. Be3 Bxe3 14. fxe3 Qxg5 15. Qd2 Bf5 16. 0-0-0 Rad8 17. Rhf1 b5 18. Bb3 a5 19. a3 Rd6 20. Rf3 Bg4 21. Rg3 Qh4 22. Rf1 Be6 23. Bxe6 Rxe6 24. Rh3 Qe7 25. d4 exd4 26. Qd3 g6 27. Qxb5 dxe3 28. Qa4 e2 29. Re1 Qg5+ 30. Kb1 Rd8 31. Rd3 Rxd3 32. cxd3 Qd2 33. Rc1 Qxc1+ 34. Kxc1 e1Q+ 35. Kc2 Qe2+ 36. Kb3 Qxd3+ 37. Ka2 Qd5+ 38. Kb1 Re1+ 39. Kc2 Qd1+ 40. Kc3 Qxa4 41. Kd2 Re7 42. Kd3 Qd4+ 43. Kc2 Re2+ 44. Kb1 Qxb2# 0-1

[Event "Hessen-ch U14"]
[Site "Bad Homburg"]
[Date "2012.??.??"]
[Round "8"]
[White "Friedrich, Marvin"]
[Black "Hafensteiner, Tim"]
[Result "0-1"]
[WhiteElo "931"]
[BlackElo "962"]
[PlyCount "56"]
[EventDate "2012.04.??"]
[EventType "swiss"]
[EventRounds "9"]
[EventCountry "GER"]
[SourceTitle "EXT 2015"]
[Source "ChessBase"]
[SourceDate "2014.11.20"]
[SourceVersion "1"]
[SourceVersionDate "2014.11.20"]
[SourceQuality "1"]

1. e4 e6 2. d4 d5 3. e5 b6 4. Nf3 Ne7 5. Bf4 Ba6 6. Bxa6 Nxa6 7. a3 c5 8. 0-0 Nc6 9. Nc3 Rc8 10. Rc1 Be7 11. Qd3 Nab8 12. b3 cxd4 13. Nxd4 Nxd4 14. Qxd4 Bxa3 15. Qa4+ Qd7 16. Qxa3 Rxc3 17. Qb2 Rc7 18. Rfd1 0-0 19. c4 Rfc8 20. g3 b5 21. Qe2 bxc4 22. bxc4 Qa4 23. c5 Rxc5 24. Rxc5 Rxc5 25. Rb1 Na6 26. Qb2 h6 27. Ra1 Qc6 28. Be3 Rb5 0-1

[Event "Hessen-ch U14"]
[Site "Bad Homburg"]
[Date "2012.??.??"]
[Round "3"]
[White "Hafensteiner, Tim"]
[Black "Bach, Christopher"]
[Result "0-1"]
[WhiteElo "962"]
[BlackElo "1441"]
[PlyCount "92"]
[EventDate "2012.04.??"]
[EventType "swiss"]
[EventRounds "9"]
[EventCountry "GER"]
[SourceTitle "EXT 2015"]
[Source "ChessBase"]
[SourceDate "2014.11.20"]
[SourceVersion "1"]
[SourceVersionDate "2014.11.20"]
[SourceQuality "1"]

1. c4 Nf6 2. g3 g6 3. Bg2 d5 4. cxd5 Nxd5 5. Nf3 Bg7 6. 0-0 0-0 7. Nc3 Nxc3 8. dxc3 c5 9. Be3 Qc7 10. Bf4 Qb6 11. b3 Bxc3 12. Rc1 Bg7 13. Be5 Nc6 14. Bxg7 Kxg7 15. Qc2 Nb4 16. Qb2+ Kg8 17. h4 Bg4 18. Rce1 Qe6 19. Qd2 Bxf3 20. Bxf3 Rad8 21. Qh6 b6 22. Kh1 Qf6 23. Rg1 Qg7 24. Qxg7+ Kxg7 25. g4 Nc2 26. Ref1 Nd4 27. Re1 Nxf3 28. exf3 Rd7 29. g5 e6 30. Re4 Rd2 31. Kg2 Rxa2 32. Rh1 Rd8 33. h5 Rdd2 34. h6+ Kf8 35. Rf1 Rab2 36. b4 Rxb4 37. Rxb4 cxb4 38. Rc1 b3 39. Rc8+ Ke7 40. Rc7+ Kd6 41. Rxf7 b2 42. Rxh7 b1Q 43. Rxa7 Qe1 44. h7 Qxf2+ 45. Kh3 Qxf3+ 46. Kh4 Rd4# 0-1

[Event "Hessen-ch U14"]
[Site "Bad Homburg"]
[Date "2012.??.??"]
[Round "9"]
[White "Hafensteiner, Tim"]
[Black "Mueller, Tobias"]
[Result "0-1"]
[WhiteElo "962"]
[BlackElo "973"]
[PlyCount "62"]
[EventDate "2012.04.??"]
[EventType "swiss"]
[EventRounds "9"]
[EventCountry "GER"]
[SourceTitle "EXT 2015"]
[Source "ChessBase"]
[SourceDate "2014.11.20"]
[SourceVersion "1"]
[SourceVersionDate "2014.11.20"]
[SourceQuality "1"]

1. c4 c5 2. g3 Nc6 3. Bg2 d6 4. e3 e6 5. Ne2 Nf6 6. Nbc3 Bd7 7. 0-0 a6 8. d4 Rb8 9. Bd2 e5 10. dxc5 dxc5 11. b3 Be7 12. Qc2 Nb4 13. Qb1 Bc6 14. Bxc6+ Nxc6 15. Rd1 0-0 16. a3 Qc8 17. Kg2 Na7 18. e4 b5 19. Qc2 Qb7 20. Nd5 Rfe8 21. Rab1 Rbd8 22. Ba5 Rd7 23. Rd2 Nc6 24. Rbd1 Nxd5 25. Rxd5 Rxd5 26. Rxd5 Nxa5 27. Rxe5 Nc6 28. Rh5 g6 29. Rh3 Bf6 30. Nf4 Nd4 31. Qd1 Qxe4+ 0-1